00730 a2200169 45000010006000000050017000060080041000230030015000640400040000790800041001192450132001602640060002923000019003525050138003710410008005091000043005175778320260407155838.0260407a1980 arg spa dAR-UNSa-BCEJYS aAR-UNSa-BCEJYSbspacAR-UNSa-BCEJYS a674xMadera e industria de la madera10aEstudio de algunos mercados del Oriente Medio para materiales de construcción de madera procedentes de países en desarrollo 1aGinegra :bCCI (Centro de Comercio Internacional)c1980 a175 p.c23 cm. a1. Arabia Saudita – 2. Emiratos Árabes Unidos – 3. Sultanato de Omán – 4. Kuwait – 5. Iraq – 6. Jordania – 7. Egipto  aspa1 aCentro de Comercio Internacional (CCI)